000 00286nam a22001337a 4500
003 SGT
082 _a370
_bG16M
100 _aMISHRA, REEMA
245 _aGANIT SHIKSHAN KI PADHYATIYAN
260 _aNEW DELHI
_bSAMAY PUB
_c2016
300 _a208
650 _aEDUCATION
942 _2ddc
_cBK
999 _c12033
_d12033